000 00782nam a2200253Ia 4500
003 OSt
005 20220930090526.0
006 a|||||r|||| 00| 0
007 ta
008 220926b |||||||| |||| 00| 0 eng d
024 _a117577
037 _cTheses
040 _aCRL
_cCRL
_beng
041 _2eng
_aeng
100 _aNitin Kumar
_9542818
110 _aUniversity of Delhi. Faculty of Scinece. Department of Chemistry
245 0 _aSynthesis and biological evaluation of tetraoxane and curcumin analogues
260 _c2011
650 _aCHEMISTRY
700 _a Prof. Diwan S. Rawat Gu.
_9542820
700 _aUniversity of Delhi. Faculty of Scinece. Department of Chemistry
942 _cDIS
_2CC
999 _c880698
_d880698